000 00380nam a2200157Ia 4500
008 230711s9999||||xx |||||||||||||| ||und||
041 _aENG
082 _a620
_bOR-M
100 _aOrthwein W
245 0 _aMachine component design
250 _a1st
260 _c1990
_aNew Delhi
_bJaico Books Publishing House
300 _a513
650 _aMechanical Engineering
942 _cBK
999 _c1795
_d1795